| 000 | 00352pam a2200157a 44500 | ||
|---|---|---|---|
| 008 | 230515b1989 xxu||||| |||| 00| 0 eng d | ||
| 020 | _aNULL | ||
| 041 | _aENGLISH | ||
| 082 | _aN.D. | ||
| 100 | _aSchaums Series | ||
| 245 | _aElectronic Devices & Circuits | ||
| 250 | _a0 | ||
| 260 |
_aNULL _bMcgraw Hill _c1989 |
||
| 300 | _a299 | ||
| 650 | _aNULL | ||
| 999 |
_c570739 _d570739 |
||